Natación II : (Registro nro. 10159)

Detalles MARC
000 -CABECERA
Longitud fija campo de control 00676nam a2200217 a 4500
003 - • IDENTIFICADOR DELl NÚMERO DE CONTROL
Identificador del número de control CO-ViMGA
008 - • CÓDIGOS DE INFORMACIÓN DE LONGITUD FIJA
Códigos de información de longitud fija 141112s2004 ck r 000 u spa d
040 ## - FUENTE DE LA CATALOGACIÓN
Centro catalogador de origen CO-ViMGA
Lengua de catalogación spa
Centro transcriptor CO-ViMGA
082 04 - • NÚMERO DE LA CLASIFICACIÓN DECIMAL DEWEY
Número de clasificación (R) R797.25 P373
100 1# - • PUNTO DE ACCESO PRINCIPAL-NOMBRE DE PERSONA
Nombre de persona Perea, Rosero Tucidides
245 10 - • TITULO PROPIAMENTE DICHO
Título Natación II :
Resto del título polo acuático y nado sincronizado
300 ## - • DESCRIPCIÓN FÍSICA
Extensión 215 p : il
490 0# - • MENCIÓN DE SERIE
Mención de serie Reglamentos deportivos ilustrados, 15
590 ## - NOTAS LOCALES
Nota local Datos de inventario : 05477
650 14 - • PUNTO DE ACCESO ADICIONAL DE MATERIA - TÉRMINO DE MATERIA
Término de materia o nombre geográfico como elemento inicial NADO SINCRONIZADO - REGLAMENTOS
650 14 - • PUNTO DE ACCESO ADICIONAL DE MATERIA - TÉRMINO DE MATERIA
Término de materia o nombre geográfico como elemento inicial NATACION - REGLAMENTO
650 14 - • PUNTO DE ACCESO ADICIONAL DE MATERIA - TÉRMINO DE MATERIA
Término de materia o nombre geográfico como elemento inicial POLO ACUATICO - REGLAMENTOS
942 ## - ENTRADA DE ELEMENTOS AGREGADOS (KOHA)
Fuente de clasificaión o esquema Dewey Decimal Classification
Koha [por defecto] tipo de item LIbro
Existencias
Perdido Fuente de clasificación o esquema Estado Físico No para préstamo Forma de adquisición Localización permanente Localización actual Fecha adquisición Serie de enumeración / cronolog&íacute;a Préstamos totales Signatura completa Código de barras Fecha última consulta Número de copia Fecha del precio de reemplazo Tipo de item de Koha
  Dewey Decimal Classification     Sala General Biblioteca Barrio Porfia - Villavicencio Biblioteca Barrio Porfia - Villavicencio 12/04/2015 Volumen. 1 | 11/jun/2009   R797.25 P373 59931 06/10/2017 Ej. 1 12/04/2015 LIbro
  Dewey Decimal Classification     Sala General Biblioteca Comunitaria - Villavicencio Biblioteca Comunitaria - Villavicencio 02/23/2016 vol.1   R797.25 P373 29718 02/23/2016 Ej. 5 02/23/2016 LIbro
  Dewey Decimal Classification     Sala General Biblioteca Comunitaria - Villavicencio Biblioteca Comunitaria - Villavicencio 02/23/2016 vol.2   R797.25 P373 5454 08/04/2017 Ej. 5 02/23/2016 LIbro
  Dewey Decimal Classification     Sala General Biblioteca Comunitaria - Villavicencio Biblioteca Comunitaria - Villavicencio 02/23/2016 vol.3   R797.25 P373 5458 08/04/2017 Ej. 5 02/23/2016 LIbro
  Dewey Decimal Classification     Sala General Segundo Piso Biblioteca Pública Germán Arciniegas - Villavicencio Biblioteca Pública Germán Arciniegas - Villavicencio 12/04/2015 Volumen. 1 | 11/jun/2009   R797.25 P373 5993 12/04/2015 Ej. 1 12/04/2015 LIbro









Instituto Departamental de Cultura del Meta - Red Departamental de Bibliotecas Públicas del Meta.